Saltar al contenido

Монтаж, эксплуатация и ремонт технологического оборудования. Курсовое проектирование учебное пособие

Приведена последовательность выполнения курсового проекта по дисциплине «Монтаж, эксплуатация и ремонт технологического оборудования», изложена технология монтажа, порядок выбора подъемных устройств при монтаже оборудования. Даны методика составления технологической карты на изготовление (восстановл...

Descripción completa

Guardado en:
Detalles Bibliográficos
Autor principal: Юнусов Г. С.
Otros Autores: Михеев А. В., Ахмадеева М. М.
Formato: Книга
Lenguaje:Russian
Publicado: Санкт-Петербург Лань 2022
Edición:2-е изд., перераб. и доп.
Acceso en línea:https://e.lanbook.com/book/209621
https://e.lanbook.com/img/cover/book/209621.jpg
Etiquetas: Agregar Etiqueta
Sin Etiquetas, Sea el primero en etiquetar este registro!
LEADER 02942nam0a2200289 i 4500
001 209621
003 RuSpLAN
005 20221220174146.0
008 221220s2022 ru gs 000 0 rus
020 |a 978-5-8114-1216-7 
040 |a RuSpLAN 
041 0 |a rus 
044 |a ru 
245 0 0 |a Монтаж, эксплуатация и ремонт технологического оборудования. Курсовое проектирование  |b учебное пособие  |c Юнусов Г. С.,Михеев А. В.,Ахмадеева М. М. 
250 |a 2-е изд., перераб. и доп. 
260 |a Санкт-Петербург  |b Лань  |c 2022 
300 |a 160 с. 
500 |a Рекомендовано Учебно-методическим объединением вузов РФ по агроинженерному образованию в качестве учебного пособия для студентов высших учебных заведений, обучающихся по специальности «Механизация переработки сельскохозяйственной продукции». 
504 |a Библиогр.: доступна в карточке книги, на сайте ЭБС Лань 
520 8 |a Приведена последовательность выполнения курсового проекта по дисциплине «Монтаж, эксплуатация и ремонт технологического оборудования», изложена технология монтажа, порядок выбора подъемных устройств при монтаже оборудования. Даны методика составления технологической карты на изготовление (восстановление) детали, рекомендации по составлению графика технического обслуживания технологического оборудования. Предложен справочный материал, необходимый для выполнения курсового проекта. Учебное пособие предназначено для студентов агроинженерных направлений подготовки и специальностей вузов и колледжей, а также может быть полезно специалистам перерабатывающих отраслей. 
521 8 |a Книга из коллекции Лань - Ветеринария и сельское хозяйство 
100 1 |a Юнусов Г. С. 
700 1 |a Михеев А. В. 
700 1 |a Ахмадеева М. М. 
856 4 |u https://e.lanbook.com/book/209621 
856 4 8 |u https://e.lanbook.com/img/cover/book/209621.jpg 
953 |a https://e.lanbook.com/img/cover/book/209621.jpg